[Event "HCL-A081"]
[Site "www.playchess.de"]
[Date "2001.04.02"]
[Round "12"]
[White "jimmyaaa"]
[Black "paule"]
[WhiteElo "1700"]
[BlackElo "1960"]
[PlyCount "50"]
[Result "1/2-1/2"]

1.e4 e6 2.d4 d5 3.Nd2 c5 4.exd5 exd5 5.Ngf3 Nc6 
6.Bb5 Bd6 7.dxc5 Bxc5 8.O-O Nge7 9.Nb3 Bd6 10.Re1 
O-O 11.Bd3 Qc7 12.c3 Bg4 13.h3 Bxf3 14.Qxf3 Ne5 
15.Qe2 Nxd3 16.Qxd3 Rfe8 17.Bg5 f6 18.Be3 a6 
19.Rad1 Rad8 20.Nd4 Ng6 21.Nf5 Bh2+ 22.Kh1 Be5 
23.Re2 Qd7 24.c4 d4 25.Bc1 Ne7 1/2-1/2

[Event "HCL-B190"]
[Site "www.playchess.de"]
[Date "2001.04.02"]
[Round "15"]
[White "chesskidding"]
[Black "Gruhni"]
[WhiteElo "1348"]
[BlackElo "1313"]
[PlyCount "65"]
[Result "1-0"]

1.e4 {Guten tag and good luck Gruhni. Mike from 
Wisconsin here. I see you have a lot of 
experience.}  e5 {Hello and good luck too. Yes, I 
played a lot of games at playchess, but I think 
I'm still beatable:)}  2.Nf3 {Thanks for the hope 
Gruhni. I normally play speed but my game has not 
improved. So I will try this.}  Nc6 3.Bb5 {I don't 
normally play this opening either but I am looking 
forward to learning.}  a6 {Yeah!}  4.Bxc6 {So what 
do you do in Grunhi?}  bxc6 {My nickname is 
Gruhni, not Grunhi :-)}  5.d4 {My apologies 
Gruhni...I probably should not be checking my 
games at 4:30 AM.. I could not sleep..:-)}  exd4 
6.Qxd4 d6 7.O-O Nf6 8.Nc3 c5 9.Qd3 Be6 10.b3 Be7 
11.Bb2 O-O 12.h3 Nd7 13.Nd5 Bxd5 14.Qxd5 Nb6 
15.Qd3 Bf6 16.e5 Be7 17.Rfe1 Re8 18.Rad1 d5 19.Qf5 
g6 20.Qf4 d4 21.c4 Qd7 22.a4 c6 23.Ba3 Qe6 24.Ng5 
Bxg5 25.Qxg5 Nd7 26.Kf1 Qe7 27.Qg3 Rab8 28.Rxd4 
Rbd8 29.Rdd1 Nb6 30.Rd3 Rxd3 31.Qxd3 Nd7 32.Bb2 
Qg5 33.Qxd7 1-0

[Event "ACL-A102"]
[Site "www.playchess.de"]
[Date "2001.04.02"]
[Round "4"]
[White "Crate"]
[Black "Alcides"]
[WhiteElo "1500"]
[BlackElo "1500"]
[PlyCount "54"]
[Result "0-1"]

1.Nf3 c5 {Hello! have fun ;)}  2.e3 d5 3.d4 e6 
4.c4 Nc6 5.cxd5 exd5 6.Nc3 Nf6 7.Bd3 Be6 8.O-O Be7 
9.a3 c4 10.Bc2 Rc8 11.e4 O-O 12.Re1 Re8 13.exd5 
Nxd5 14.Be4 g6 15.Bh6 f5 16.Bc2 Bf6 17.Qd2 Rc7 
18.Bg5 Bxg5 19.Nxg5 Rce7 20.Nxe6 {This partite are 
very complicate... (A propósito, você compreende o 
português?)}  R7xe6 {I speak spanish, but i 
understand portugues a little ;)}  21.Rxe6 Rxe6 
22.Rd1 a6 23.Na4 b5 24.Nc5 Re7 25.Nxa6 Nf6 26.Nc5 
Qxd4 27.Qg5 Qxd1+ 0-1

[Event "HCL-A087"]
[Site "www.playchess.de"]
[Date "2001.04.02"]
[Round "7"]
[White "omnibus"]
[Black "Kasparovjr"]
[WhiteElo "1700"]
[BlackElo "1966"]
[PlyCount "61"]
[Result "1-0"]

1.d4 Nf6 {Greetings from Norway.}  2.c4 {Good 
luck!}  g6 3.Nc3 d5 4.cxd5 Nxd5 5.e4 Nxc3 6.bxc3 
Bg7 7.Bc4 O-O 8.Ne2 c5 9.O-O Nc6 10.Be3 cxd4 
11.cxd4 Bg4 12.f3 Na5 13.Bd3 Be6 14.d5 Bxa1 
15.Qxa1 f6 16.Bh6 Bf7 17.f4 Re8 18.f5 Nc6 19.Kh1 
a6 20.Ng1 Ne5 {Good to be back, dont u think?}  
21.Be2 {hi again!}  Qa5 22.h4 Bxd5 {Difficult 
play.}  23.exd5 Qxd5 24.fxg6 hxg6 25.Qb1 Qf7 
26.Bf4 Nc4 27.Bxc4 Qxc4 28.Qxg6+ Kh8 29.Qh5+ Kg8 
30.Rf3 e5 {Well played! I will resign on the next 
move.}  31.Bh6 {good game till 26..Nc4} 
 1-0

[Event "ACL-A100"]
[Site "www.playchess.de"]
[Date "2001.04.02"]
[Round "18"]
[White "deepcover"]
[Black "Rparkes"]
[WhiteElo "1696"]
[BlackElo "1500"]
[PlyCount "91"]
[Result "1-0"]

1.d4 d5 2.c4 c6 3.Nf3 Nf6 {Hola}  4.e3 {hoi}  Bg4 
5.Qb3 Qb6 6.Ne5 Qxb3 7.axb3 Nbd7 8.Nxg4 Nxg4 
9.cxd5 cxd5 10.Nc3 e6 11.f3 Ngf6 12.Nb5 Bb4+ 
13.Bd2 Bxd2+ 14.Kxd2 Ke7 15.Nxa7 e5 16.Be2 h5 
17.Rhc1 Ke6 18.dxe5 Nxe5 19.Nb5 Rxa1 20.Rxa1 Nc6 
21.Bd3 g6 22.h4 Rg8 23.Ke2 Nd7 24.Rd1 Nc5 25.Nc7+ 
Kd6 26.Nxd5 Nxd3 27.Rxd3 Ke6 28.e4 g5 29.hxg5 Rxg5 
30.Nf4+ Ke7 31.Rd5 Rxd5 32.exd5 Nb4 33.Ke3 f5 
34.Nxh5 Nxd5+ 35.Kd4 Kd6 36.g4 fxg4 37.fxg4 Nc7 
38.Ke4 Ne6 39.Kf5 Nd4+ 40.Kf6 Nxb3 41.g5 Nc5 42.g6 
Ne6 43.Ng3 b5 44.Ne4+ Kd7 45.Nc5+ Nxc5 
46.g7 1-0

[Event "HCL-B195"]
[Site "www.playchess.de"]
[Date "2001.04.02"]
[Round "20"]
[White "GAZOLA"]
[Black "Hamburger"]
[WhiteElo "1500"]
[BlackElo "1241"]
[PlyCount "108"]
[Result "0-1"]

1.e4 c5 2.Nf3 e6 3.Nc3 Nc6 4.Bb5 a6 5.Ba4 b5 
6.Bxb5 axb5 7.Nxb5 d5 8.exd5 exd5 9.d4 Nf6 10.a4 
Ba6 11.Be3 Ng4 12.Qe2 Nxe3 13.Qxe3+ Be7 14.O-O 
cxd4 15.Nfxd4 Nxd4 16.Qxd4 O-O 17.Rfe1 Bxb5 
18.axb5 Rxa1 19.Rxa1 Bf6 20.Qb4 Qb6 21.Ra6 Qd4 
22.Qxd4 Bxd4 23.c3 Re8 24.g3 Re1+ 25.Kg2 Bc5 26.b4 
Bf8 27.b6 Re8 28.b7 Rb8 29.Rb6 Be7 30.Kf3 Bd8 
31.Rb5 Bc7 32.Ke3 Rd8 33.Kd4 Kf8 34.c4 dxc4+ 
35.Kxc4 Ke7 36.Rg5 g6 37.Rd5 Bb8 38.Rxd8 Kxd8 
39.Kb5 Kc7 40.Ka6 h5 41.h4 f6 42.b5 g5 43.f3 gxh4 
44.gxh4 f5 45.f4 Kd6 46.Ka5 Kd5 47.Kb4 Kd4 48.Ka5 
Bxf4 49.Kb6 Bb8 50.Kc6 f4 51.Kd7 Kc5 52.Kc8 Ba7 
53.Kd8 f3 54.Kc7 Kxb5 0-1

[Event "ACL-A105"]
[Site "www.playchess.de"]
[Date "2001.04.02"]
[Round "9"]
[White "guerino"]
[Black "Chess_man_Mark"]
[WhiteElo "1199"]
[BlackElo "1500"]
[PlyCount "43"]
[Result "1-0"]

1.e4 e5 2.Nf3 Nc6 3.Bb5 d6 4.O-O Nf6 5.Re1 Bd7 
6.d4 Qe7 7.Bg5 O-O-O 8.dxe5 dxe5 9.Qe2 Qb4 10.c3 
Qc5 11.Ba4 Be7 12.Be3 Qa5 13.Bb3 Be6 14.Bxe6+ fxe6 
15.h3 Nxe4 16.Nbd2 Nxd2 17.Nxd2 Bc5 18.Bxc5 Qxc5 
19.Nf3 h6 {How about a draw?}  20.Nxe5 Nxe5 
21.Qxe5 Qxe5 22.Rxe5 1-0

[Event "HCL-C193"]
[Site "www.playchess.de"]
[Date "2001.04.02"]
[Round "27"]
[White "lienk"]
[Black "Glimmung"]
[WhiteElo "1083"]
[BlackElo "1083"]
[PlyCount "50"]
[Result "0-1"]

1.e4 c5 2.Bc4 d6 3.d4 cxd4 4.Qxd4 Nc6 5.Qd5 Nf6 
6.Qxf7+ Kd7 7.Bb5 Qa5+ 8.Nc3 Nxe4 9.Nge2 Nxc3 
10.Nxc3 a6 11.Bd3 Qe5+ 12.Be3 Nd4 13.O-O-O Kd8 
14.Bf4 Qc5 15.Bg5 Be6 16.Qf4 h6 17.Na4 Qb4 18.Rhe1 
Qxa4 19.Bxe7+ Bxe7 20.Qe4 Rf8 21.c3 Rc8 22.Bxa6 
Bg5+ 23.Re3 Rxf2 24.Rxd4 Rf1+ 25.Kd2 
Qd1+ 0-1

[Event "ACL-A104"]
[Site "www.playchess.de"]
[Date "2001.04.02"]
[Round "6"]
[White "Gruhni"]
[Black "hisamawi_s"]
[WhiteElo "1421"]
[BlackElo "1500"]
[PlyCount "21"]
[Result "1-0"]

1.e4 c5 2.Nf3 Nf6 3.d3 Nc6 4.Be2 d5 5.e5 {Sorry 
for the invalid move in the other game! I'll 
resign after your next move!}  Nd7 6.Bf4 Qc7 7.d4 
cxd4 8.Nxd4 Nxd4 9.Qxd4 e6 10.Qc3 Qb6 
11.Be3 1-0

[Event "ACL-M001"]
[Site "www.playchess.de"]
[Date "2001.04.02"]
[Round "7"]
[White "rht341"]
[Black "Nils"]
[WhiteElo "2088"]
[BlackElo "1858"]
[PlyCount "41"]
[Result "1/2-1/2"]

1.e4 {hello!}  e5 {Hello!}  2.f4 exf4 3.Nf3 d5 
4.exd5 Qxd5 5.Nc3 Qe6+ 6.Be2 Bd6 7.O-O Ne7 8.d4 
Nf5 9.Ng5 Qf6 10.Nce4 Qxd4+ 11.Qxd4 Nxd4 12.Nxd6+ 
cxd6 13.Bc4 Be6 14.Nxe6 fxe6 15.Bxf4 d5 16.Bd3 Nd7 
17.Bd6 {Probably a draw, but just a few more 
moves, ok?}  Nc6 18.Rae1 Nf8 19.Bxf8 Rxf8 20.Rxf8+ 
Kxf8 21.Rxe6 {I see your point, this is a draw.} 
 1/2-1/2

[Event "HCL-B203"]
[Site "www.playchess.de"]
[Date "2001.04.02"]
[Round "16"]
[White "O_Man"]
[Black "bjw29"]
[WhiteElo "1103"]
[BlackElo "1500"]
[PlyCount "41"]
[Result "1-0"]

1.e4 e5 2.Nf3 Nc6 3.Bc4 Bc5 4.d4 exd4 5.Ng5 Ne5 
6.Bxf7+ Nxf7 7.Nxf7 Kxf7 8.Qh5+ g6 9.Qxc5 Nf6 
10.Bg5 d6 11.Qxd4 Re8 12.f3 Re5 13.Bh4 d5 14.Qxe5 
Be6 15.Nd2 dxe4 16.O-O-O Nd7 17.Qf4+ Nf6 18.Nxe4 
Qe7 19.Nxf6 Bf5 20.Rd7 Bxd7 21.Nxd7+ 1-0

[Event "HCL-B207"]
[Site "www.playchess.de"]
[Date "2001.04.02"]
[Round "1"]
[White "adamant"]
[Black "Ghostdog"]
[WhiteElo "1045"]
[BlackElo "1488"]
[PlyCount "29"]
[Result "1-0"]

1.c4 Nf6 2.Nc3 g6 3.d4 d5 4.Nf3 Bg7 5.h3 O-O 6.Bf4 
c6 7.e3 Nbd7 8.Bd3 Qb6 9.Nd2 Qxb2 10.Na4 Qb4 
11.Bc7 Ne8 12.Rb1 Qa3 13.Bc2 Nxc7 14.c5 Nxc5 
15.Nxc5 1-0

[Event "HCL-A092"]
[Site "www.playchess.de"]
[Date "2001.04.02"]
[Round "13"]
[White "chessnut"]
[Black "jmcerna"]
[WhiteElo "2067"]
[BlackElo "2010"]
[PlyCount "59"]
[Result "1-0"]

1.c4 e5 2.g3 c6 3.b3 d6 4.Bg2 Nf6 5.Bb2 Be7 6.Nc3 
O-O 7.Nf3 Bg4 8.O-O Nbd7 9.h3 Bh5 10.g4 Bg6 11.Nh4 
Re8 12.Nxg6 hxg6 13.d4 Qc7 14.d5 a5 15.Rb1 Bf8 
16.Qd3 c5 17.Qe3 {I'd prefer to play on!}  Nh7 
{ok, keep on playing}  18.g5 f5 19.gxf6 gxf6 
20.Nb5 Qd8 21.Qg3 Kf7 22.h4 f5 23.h5 g5 24.f4 exf4 
25.Rxf4 Rxe2 26.Qg4 Ndf6 27.Rxf5 Qe7 28.Bxf6 Qe3+ 
29.Kf1 Nxf6 30.Qxe2 1-0

[Event "HCL-C201"]
[Site "www.playchess.de"]
[Date "2001.04.02"]
[Round "21"]
[White "Smutje"]
[Black "McLeod"]
[WhiteElo "931"]
[BlackElo "1000"]
[PlyCount "60"]
[Result "0-1"]

1.e3 e5 2.Qf3 Nf6 3.g4 e4 4.Qf4 Bd6 5.Qg5 O-O 
6.Nc3 Be7 7.b3 d5 8.Qh4 Nxg4 9.Qg3 Bh4 10.Qxg4 
Bxg4 11.h3 Qf6 12.Nd1 Bxd1 13.Kxd1 Qxf2 14.c3 
Qxf1+ 15.Kc2 Qg2 16.Ba3 Qxh1 17.b4 Bf2 18.Rc1 Bxg1 
19.b5 Rc8 20.h4 a6 21.bxa6 Rxa6 22.Bc5 Rxa2+ 
23.Kb1 Rxd2 24.c4 dxc4 25.Rxc4 Bxe3+ 26.Rc1 Rb2+ 
27.Kxb2 Qxc1+ 28.Kb3 Bxc5 29.Ka4 Qa3+ 30.Kb5 
Qb4+ 0-1

[Event "HCL-B202"]
[Site "www.playchess.de"]
[Date "2001.04.02"]
[Round "17"]
[White "Pietros"]
[Black "Gamlet"]
[WhiteElo "1290"]
[BlackElo "1500"]
[PlyCount "33"]
[Result "1-0"]

1.e4 e5 2.Nf3 Nf6 3.Bc4 Nxe4 4.Nc3 Nxc3 5.dxc3 Be7 
6.Nxe5 O-O 7.Qh5 d5 8.Nxf7 Qe8 9.Bd3 Bf6+ 10.Be3 
Rxf7 11.Bxh7+ Kf8 12.Bg6 Na6 13.O-O Bf5 14.Qxf5 
Qd7 15.Qh5 Rd8 16.Rfe1 Re8 17.Bc5+ 1-0

[Event "HCL-E035"]
[Site "www.playchess.de"]
[Date "2001.04.02"]
[Round "8"]
[White "paule"]
[Black "benoniman"]
[WhiteElo "1994"]
[BlackElo "2000"]
[PlyCount "55"]
[Result "1/2-1/2"]

1.e4 c5 2.c3 d5 3.exd5 Qxd5 4.d4 Nf6 5.Nf3 Nc6 
6.dxc5 Qxc5 7.Na3 e6 8.Nb5 Qe7 9.Bg5 a6 10.Nbd4 
Bd7 11.Bd3 h6 12.Bh4 Qd8 13.O-O Be7 14.Nxc6 Bxc6 
15.Ne5 Rc8 16.Qe2 O-O 17.Rad1 Qe8 18.Rfe1 Nd5 
19.Bxe7 Qxe7 20.Bxa6 Nf4 21.Qg4 Nxg2 22.Nxc6 Rxc6 
{hockey}  23.Bxb7 {:)}  Qxb7 {sorry about the 
stupid message}  24.Qxg2 {I have apprehended it 
with humour:)}  Qb5 25.Rd2 Rc5 26.Kh1 Rg5 27.Qe4 
Rc8 28.c4 1/2-1/2

[Event "ACL-A110"]
[Site "www.playchess.de"]
[Date "2001.04.02"]
[Round "11"]
[White "Edik"]
[Black "anne_t"]
[WhiteElo "1750"]
[BlackElo "1500"]
[PlyCount "69"]
[Result "1-0"]

1.e4 e5 {Hi, have a nice game, Anne}  2.Nf3 {Hi! 
I'm Edik from Kiev. Ðàä èãðàòü ñ Âàìè! GOOD LUCK! 
:))}  d6 {Nice to meet you, i am a 18 year old 
girl from the netherlands.}  3.d4 exd4 4.Nxd4 h6 
5.Nc3 Bd7 6.Bc4 Nf6 7.O-O Nc6 8.Nd5 Be7 9.Nxe7 
Qxe7 10.f3 O-O 11.Nxc6 Bxc6 12.Bd2 b5 13.Bb3 d5 
14.exd5 Bxd5 15.Re1 Qd7 16.Bb4 Rfe8 17.Qd3 Bxb3 
18.Qxd7 Nxd7 19.axb3 c6 20.Rxe8+ Rxe8 21.Rxa7 Ne5 
22.Re7 Rxe7 23.Bxe7 f6 24.Bd6 Nd7 25.f4 Nb6 26.f5 
Kf7 27.Kf2 Nd5 28.c4 bxc4 29.bxc4 Ne7 30.Bxe7 Kxe7 
31.c5 Kf7 32.Ke3 g6 33.g4 h5 34.gxh5 gxh5 
35.h4 1-0

[Event "HCL-A094"]
[Site "www.playchess.de"]
[Date "2001.04.02"]
[Round "8"]
[White "Hubble"]
[Black "Lumina"]
[WhiteElo "1631"]
[BlackElo "1700"]
[PlyCount "70"]
[Result "1/2-1/2"]

1.e4 c5 {hi from America}  2.g3 e6 3.Bg2 Nc6 4.Ne2 
Nf6 5.d4 d5 6.exd5 exd5 7.dxc5 Bxc5 8.Bg5 Be6 
9.Nbc3 Bxf2+ 10.Kxf2 Ng4+ 11.Ke1 Qxg5 12.Nf4 Qe5+ 
13.Qe2 Qxe2+ 14.Kxe2 O-O 15.Ncxd5 Rac8 16.h3 Nh6 
17.Nxe6 fxe6 18.Nf4 Nf5 19.Kf2 Rf7 20.Rhe1 e5 
21.Nd3 Nfd4+ 22.Kg1 Nxc2 23.Bd5 Nxa1 24.Rxa1 Kf8 
25.Bxf7 Kxf7 26.Re1 Re8 27.b4 Kf6 28.Rf1+ Kg6 
29.b5 Nd4 30.a4 b6 31.Kg2 Re6 32.h4 h6 33.g4 Re7 
34.Rf2 h5 35.Kg3 Kh6 1/2-1/2

[Event "HCL-B210"]
[Site "www.playchess.de"]
[Date "2001.04.02"]
[Round "7"]
[White "roofus"]
[Black "patzer"]
[WhiteElo "1248"]
[BlackElo "1250"]
[PlyCount "64"]
[Result "0-1"]

1.e4 c5 2.e5 Nc6 3.Nf3 e6 4.Nc3 a6 5.d4 cxd4 
6.Nxd4 Nxe5 7.Bf4 d6 8.g3 Qb6 9.Na4 Qa5+ 10.Nc3 b5 
11.Bg2 Rb8 12.Nc6 Nxc6 13.Bxc6+ Bd7 14.Bxd6 Bxc6 
15.O-O Rd8 16.Bb4 Bxb4 17.Qe1 Bxc3 18.Qxc3 Qxc3 
19.bxc3 Nf6 20.h3 Bf3 21.a4 Rb8 22.a5 Rc8 23.Ra3 
Rc4 24.Re1 O-O 25.Kh2 Rfc8 26.Re3 Bb7 27.Rd3 Bd5 
28.g4 g5 29.Rd4 Rxd4 30.cxd4 Rxc2 31.Re3 Rxf2+ 
32.Kg3 Rg2+ 0-1

[Event "HCL-C211"]
[Site "www.playchess.de"]
[Date "2001.04.02"]
[Round "16"]
[White "pgschumy"]
[Black "rhonda202"]
[WhiteElo "1051"]
[BlackElo "1010"]
[PlyCount "45"]
[Result "1-0"]

1.e4 {hi!}  e5 {hi how r u ? ;->}  2.Nf3 Nf6 
3.Nxe5 d5 4.exd5 Qxd5 5.Nf3 Bg4 6.Be2 Bb4 7.O-O 
Nc6 8.Re1 O-O-O 9.c3 Bd6 10.d4 Rhe8 11.Nbd2 Nh5 
12.Bc4 Rxe1+ 13.Qxe1 Qf5 14.Nh4 Qf4 15.Ndf3 Qf6 
16.Bg5 Qe6 17.Bxe6+ Bxe6 18.Bxd8 Nxd8 19.Ng5 {Is 
1:0!!!}  Bf5 20.Nxf5 Bf4 21.Nxf7 Nxf7 22.Qe8+ Nd8 
23.Ne7+ 1-0

[Event "HCL-B212"]
[Site "www.playchess.de"]
[Date "2001.04.02"]
[Round "6"]
[White "DIG"]
[Black "coca"]
[WhiteElo "1500"]
[BlackElo "1500"]
[PlyCount "63"]
[Result "1-0"]

1.e4 e6 2.Nc3 Nc6 3.Nf3 d5 4.Bb5 a6 5.Ba4 b5 6.Bb3 
d4 7.Ne2 Nf6 8.d3 Bb4+ 9.Bd2 Bxd2+ 10.Qxd2 a5 
11.a3 a4 12.Ba2 O-O 13.O-O e5 14.c3 Re8 15.Rac1 
Bg4 16.Ng5 Bxe2 17.Qxe2 Kf8 18.Nxf7 Qc8 19.f4 exf4 
20.Rxf4 Ne5 21.Nxe5 Rxe5 22.cxd4 Re8 23.e5 c6 
24.Qh5 Re7 25.exf6 gxf6 26.Rxf6+ Kg7 27.Rf7+ Rxf7 
28.Qxf7+ Kh6 29.Qf6+ Kh5 30.Rc5+ Kg4 31.Rg5+ Kh4 
32.Qh6+ 1-0

[Event "HCL-C219"]
[Site "www.playchess.de"]
[Date "2001.04.02"]
[Round "9"]
[White "foxzy"]
[Black "jayr015"]
[WhiteElo "825"]
[BlackElo "963"]
[PlyCount "35"]
[Result "1-0"]

1.e4 e5 2.Nf3 d6 3.Bc4 Nf6 4.Ng5 Be6 5.Qe2 Qe7 
6.Nc3 Bg4 7.f3 Be6 8.b3 Nc6 9.Bb2 O-O-O 10.O-O-O 
Nd4 11.Qd3 d5 12.Nxe6 Qxe6 13.exd5 Qd6 14.Ne4 Nxe4 
15.fxe4 h5 16.Bxd4 Qa3+ 17.Bb2 Qxa2 
18.b4 1-0

[Event "HCL-A098"]
[Site "www.playchess.de"]
[Date "2001.04.02"]
[Round "29"]
[White "cyberale"]
[Black "SuperNova"]
[WhiteElo "1700"]
[BlackElo "1700"]
[PlyCount "42"]
[Result "0-1"]

1.d4 {Hello! let's start!}  Nf6 {Hello and good 
luck}  2.Nc3 d5 3.Nf3 Bf5 4.Bf4 e6 5.e3 Bd6 6.Bg5 
h6 7.Bxf6 Qxf6 8.Bb5+ c6 9.Bd3 Bg4 10.Qe2 Nd7 
11.h3 Bxf3 12.gxf3 e5 13.O-O-O exd4 14.exd4+ Kd8 
15.Qe3 Bf4 16.Qxf4 Qxf4+ 17.Rd2 Qxd4 18.Re1 Qf4 
19.Re3 Kc7 20.Rde2 d4 21.Nb5+ cxb5 0-1

[Event "HCL-B222"]
[Site "www.playchess.de"]
[Date "2001.04.02"]
[Round "3"]
[White "prahal"]
[Black "Redbaron"]
[WhiteElo "1200"]
[BlackElo "1407"]
[PlyCount "48"]
[Result "0-1"]

1.e4 {hi,}  e5 2.Nf3 Nc6 3.Bc4 Nf6 4.Ng5 d5 5.exd5 
Nxd5 6.Qh5 g6 7.Qf3 Qxg5 8.Bxd5 Nd8 9.O-O Bg4 
10.Qg3 Bg7 11.h3 c6 12.Bf3 h5 13.hxg4 hxg4 14.Bxg4 
f5 15.Bh3 Ne6 16.d4 Qxg3 17.fxg3 Nxd4 18.Rf2 O-O-O 
19.Nc3 e4 20.Bf4 Nf3+ 21.gxf3 Rxh3 22.Rh2 Bd4+ 
23.Kg2 exf3+ 24.Kh1 Rxh2+ 0-1

[Event "HCL-B222"]
[Site "www.playchess.de"]
[Date "2001.04.02"]
[Round "9"]
[White "player27"]
[Black "Redbaron"]
[WhiteElo "1406"]
[BlackElo "1407"]
[PlyCount "52"]
[Result "0-1"]

1.b4 {*handshake* good luck}  Nf6 {Have a nice 
game, good luck!}  2.Nf3 { )}  e6 3.a3 c5 4.bxc5 
Bxc5 5.e3 a6 6.d4 Ba7 7.c4 b5 8.cxb5 axb5 9.Nc3 
Ba6 10.Bd2 b4 11.axb4 Bxf1 12.Rxf1 Nc6 13.b5 Na5 
14.e4 Nc4 15.e5 Nd5 16.Nxd5 exd5 17.Ra6 Qc7 18.Qa4 
O-O 19.Bb4 Rfc8 20.Bc5 Nb2 21.Qa3 Bxc5 22.dxc5 Nc4 
23.Qc3 Qxc5 24.Rxa8 Rxa8 25.Nd2 Ra3 26.Qc2 
Qxb5 0-1

[Event "HCL-C226"]
[Site "www.playchess.de"]
[Date "2001.04.02"]
[Round "6"]
[White "chvs2002"]
[Black "DrNickRiviera"]
[WhiteElo "1000"]
[BlackElo "1074"]
[PlyCount "66"]
[Result "0-1"]

1.e4 e5 2.Nf3 Nf6 3.d3 d5 4.Nc3 Bb4 5.a3 Bxc3+ 
6.bxc3 Bg4 7.Qe2 O-O 8.Bg5 Nbd7 9.c4 c6 10.c3 Qa5 
11.Bd2 Nc5 12.Qd1 dxe4 13.dxe4 Ncxe4 14.Be2 Rad8 
15.Ra2 Nxd2 16.Nxd2 Qxc3 17.O-O Qd4 18.h3 Bxe2 
19.Qxe2 Nh5 20.Qxh5 b5 21.Qe2 a6 22.a4 bxc4 
23.Nxc4 e4 24.Ra3 Rd5 25.Re3 f5 26.f4 Rc5 27.Ne5 
Qxa4 28.Nd7 Rc2 29.Qd1 Rd8 30.g4 Qa2 31.gxf5 Rg2+ 
32.Kh1 Rh2+ 33.Kg1 Qg2+ 0-1

[Event "HCL-C217"]
[Site "www.playchess.de"]
[Date "2001.04.02"]
[Round "21"]
[White "Edik"]
[Black "Stephen21"]
[WhiteElo "1220"]
[BlackElo "1167"]
[PlyCount "55"]
[Result "1-0"]

1.e4 e6 2.d4 d5 3.Nd2 Nf6 4.e5 Ne4 5.Nxe4 dxe4 
6.Bc4 b6 7.d5 Ba6 8.Bxa6 Nxa6 9.Qe2 Nb4 10.dxe6 
fxe6 11.Qxe4 Be7 12.a3 Nd5 13.c4 O-O 14.cxd5 exd5 
15.Qd3 Bc5 16.Nf3 Qe7 17.Qxd5+ Kh8 18.b4 Rad8 
19.Qe4 Qd7 20.O-O Rf5 21.bxc5 Rdf8 22.c6 Qe6 
23.Bb2 R5f4 24.Qc2 Qg4 25.h3 Qe6 26.Ng5 R4f5 
27.Nxe6 R8f7 28.g4 1-0

[Event "HCL-A101"]
[Site "www.playchess.de"]
[Date "2001.04.02"]
[Round "17"]
[White "markjburden"]
[Black "Eaglewingz"]
[WhiteElo "1367"]
[BlackElo "1428"]
[PlyCount "72"]
[Result "0-1"]

1.d4 d5 {Hello}  2.c4 {greetings from the uk and 
good luck}  c6 {Thanks, luck to you too}  3.e3 Bf5 
4.Nc3 e6 5.a3 Nf6 6.h3 Be7 7.Nf3 Ne4 8.Nxe4 Bxe4 
9.c5 Nd7 10.Bd3 Bxd3 11.Qxd3 O-O 12.O-O b6 13.b4 
bxc5 14.bxc5 Rb8 15.Bd2 Qc7 16.Qc2 Nf6 17.Rfe1 Ne4 
18.Bc1 h6 19.Nd2 Nxf2 20.Nf3 Ne4 21.Rf1 f6 22.Nd2 
Ng3 23.Rf2 e5 24.Nf1 e4 25.Nxg3 Qxg3 26.Bd2 f5 
27.Raf1 Bg5 28.Qc1 Rb3 29.R2xf5 Rxf5 30.Rxf5 Bxe3+ 
31.Bxe3 Rxe3 32.Rf2 Rxa3 33.Qf1 Rf3 34.Rxf3 exf3 
35.Qxf3 Qxf3 36.gxf3 a5 0-1

[Event "ACL-A119"]
[Site "www.playchess.de"]
[Date "2001.04.02"]
[Round "31"]
[White "foxzy"]
[Black "Buddha"]
[WhiteElo "1266"]
[BlackElo "1500"]
[PlyCount "30"]
[Result "0-1"]

1.e4 {Hello!}  c5 2.Nf3 d6 3.d4 cxd4 4.Nxd4 Nf6 
5.Nc3 a6 6.Bf4 e5 {That must have been a finger 
slip.}  7.Bg5 exd4 8.Qxd4 Be7 9.Bc4 O-O 10.O-O-O 
Nc6 11.Qd3 Ne5 12.Qd4 Nxc4 13.Qxc4 Be6 14.Qd4 Qa5 
15.a3 Qxg5+ 0-1

[Event "HCL-C227"]
[Site "www.playchess.de"]
[Date "2001.04.02"]
[Round "3"]
[White "tomku"]
[Black "lsoule"]
[WhiteElo "1000"]
[BlackElo "983"]
[PlyCount "79"]
[Result "1-0"]

1.d4 Nf6 2.c4 e6 3.Nf3 Bb4+ 4.Nc3 Bxc3+ 5.bxc3 c6 
6.e3 b6 7.Bd3 O-O 8.O-O d5 9.Ne5 Bb7 10.h3 Nbd7 
11.Nf3 Ba6 12.Qa4 Bxc4 13.Bxc4 dxc4 14.Qxc4 c5 
15.Bb2 Rb8 16.Qa6 Qc7 17.Rfc1 c4 18.Rab1 Qb7 
19.Qxc4 b5 20.Qd3 Rfe8 21.Ba3 e5 22.dxe5 Nxe5 
23.Nxe5 Rxe5 24.c4 Rg5 25.g3 Re8 26.Rxb5 Rxb5 
27.cxb5 Qe4 28.Qd6 Qf5 29.Kg2 h6 30.Bb2 Qd5+ 
31.Qxd5 Nxd5 32.Bd4 Nb6 33.a4 g5 34.a5 Nd5 35.Bxa7 
f5 36.Rc5 Re5 37.Rc8+ Kf7 38.b6 Nxe3+ 39.fxe3 Rxe3 
40.b7 1-0

[Event "HCL-C227"]
[Site "www.playchess.de"]
[Date "2001.04.02"]
[Round "10"]
[White "craigsadler"]
[Black "ROB"]
[WhiteElo "731"]
[BlackElo "763"]
[PlyCount "25"]
[Result "1-0"]

1.e4 e5 2.Nf3 Nf6 3.Nxe5 Nxe4 4.Qe2 d5 5.d3 Qe7 
6.Bf4 Nf6 7.Nf3 Qxe2+ 8.Bxe2 Bd6 9.Bxd6 cxd6 
10.O-O O-O 11.Nc3 Nc6 12.Rfe1 Nd4 
13.Nxd4 1-0

[Event "HCL-B227"]
[Site "www.playchess.de"]
[Date "2001.04.02"]
[Round "9"]
[White "Tony"]
[Black "MENO"]
[WhiteElo "1901"]
[BlackElo "1500"]
[PlyCount "36"]
[Result "1/2-1/2"]

1.d4 {Have nice game!!}  Nf6 {Thank you Tony and 
good luck}  2.c4 d6 3.Nf3 g6 4.Nc3 Bg7 5.e4 O-O 
6.Be2 e5 7.d5 Nbd7 8.O-O Nc5 9.Qc2 a5 10.Rb1 Ne8 
11.Nd2 f5 12.Bf3 Qh4 13.a3 Nf6 14.b4 axb4 15.axb4 
Ncxe4 16.g3 Qh3 17.Bg2 Qh5 18.Bf3 
Qh3 1/2-1/2

[Event "ACL-A112"]
[Site "www.playchess.de"]
[Date "2001.04.02"]
[Round "11"]
[White "guerino"]
[Black "vijal"]
[WhiteElo "1325"]
[BlackElo "1500"]
[PlyCount "51"]
[Result "1-0"]

1.e4 e5 2.Nf3 Nc6 3.Bb5 d6 4.O-O Bd7 5.Nc3 Nf6 
6.Re1 Be7 7.h3 O-O 8.d4 exd4 9.Nxd4 Nxd4 10.Bxd7 
Qxd7 11.Qxd4 a6 12.f3 b6 13.Be3 c5 14.Qd2 Rad8 
15.Rad1 Qc7 16.Nd5 Nxd5 17.Qxd5 Bf6 18.b3 Bh4 
19.Re2 Bf6 20.c4 Rfe8 21.Red2 Re6 22.Qf5 Rde8 
23.Bf4 Be5 24.Bxe5 dxe5 25.R2d7 g6 
26.Qxf7+ 1-0

[Event "ACL-A123"]
[Site "www.playchess.de"]
[Date "2001.04.02"]
[Round "5"]
[White "Simka"]
[Black "Pupser"]
[WhiteElo "1500"]
[BlackElo "1902"]
[PlyCount "74"]
[Result "0-1"]

1.e4 e6 2.d4 d5 3.Nc3 Nf6 4.e5 Nfd7 5.f4 c5 6.Nf3 
Nc6 7.Be3 cxd4 8.Nxd4 Bc5 9.Qd2 O-O 10.O-O-O a6 
11.h4 Nxd4 12.Bxd4 b5 13.h5 b4 14.Ne2 a5 15.Bxc5 
Nxc5 16.Qe3 Qb6 17.f5 a4 18.Kb1 b3 19.cxb3 axb3 
20.a3 exf5 21.Rxd5 Ra5 22.Nf4 Bb7 23.h6 g5 24.Rd6 
Be4+ 25.Nd3 f4 26.Qxe4 Qxd6 27.Qxh7+ Kxh7 28.exd6 
Rd8 29.Nc1 Rxd6 30.Bc4 Rxh6 31.Rxh6+ Kxh6 32.Nxb3 
Nxb3 33.Bxb3 g4 34.Bc4 Re5 35.Ba6 f3 36.g3 f5 
37.Kc2 Kg5 0-1

[Event "ACL-A113"]
[Site "www.playchess.de"]
[Date "2001.04.02"]
[Round "5"]
[White "Habi"]
[Black "RMil"]
[WhiteElo "1830"]
[BlackElo "1500"]
[PlyCount "47"]
[Result "1-0"]

1.e4 e5 2.Nf3 Nc6 3.Bb5 Nf6 {Good Morning, my name 
is Richard and I live in FLorida, USA.  It is nice 
playing a game with you.}  4.O-O Nxe4 5.Re1 d5 
6.d3 Nd6 7.Bg5 f6 8.Bxc6+ bxc6 9.Nxe5 Be7 10.Nxc6 
Qd7 11.Rxe7+ Qxe7 12.Nxe7 Kxe7 {I meant to say 
that your last move was excellent!  Caught me 
completely off guard !!}  13.Bf4 Rb8 14.Bxd6+ cxd6 
15.b3 Bf5 16.Qe1+ Be6 17.Qa5 Rba8 18.Qc7+ Bd7 
19.Nc3 Rac8 20.Re1+ Kf7 21.Qxd7+ Kg6 22.Re3 Rcd8 
23.Rg3+ Kh6 24.Qh3+ 1-0

[Event "HCL-C237"]
[Site "www.playchess.de"]
[Date "2001.04.02"]
[Round "2"]
[White "Danielqb"]
[Black "guerino"]
[WhiteElo "1000"]
[BlackElo "1134"]
[PlyCount "22"]
[Result "0-1"]

1.e4 c5 2.Nc3 Nc6 3.Bc4 Nf6 4.d3 {Do you speak 
portuguese, or spanish?}  d6 {no}  5.f4 {what you 
speak?}  e6 6.Be3 a6 7.h3 Be7 8.Nf3 b5 9.e5 dxe5 
10.fxe5 Nd7 11.Nxb5 axb5 0-1

[Event "HCL-C234"]
[Site "www.playchess.de"]
[Date "2001.04.02"]
[Round "17"]
[White "Achilles"]
[Black "fossa"]
[WhiteElo "1001"]
[BlackElo "836"]
[PlyCount "35"]
[Result "1-0"]

1.d4 e6 2.e4 c5 3.Nf3 Nf6 4.Nc3 Qa5 5.Bd3 Nc6 
6.Bd2 Qb4 7.Nb5 Qa4 8.b3 Qxb5 9.Bxb5 
{Gironimo!!!!!!!!!!!!!!!}  Nxe4 10.Qe2 f5 11.Bxc6 
bxc6 12.O-O a5 13.c3 cxd4 14.cxd4 Ba6 15.Qe3 Bxf1 
16.Rxf1 d5 17.Re1 Nxd2 18.Qxe6+ 1-0